| 000 | 00563nam a22001937a 4500 | ||
|---|---|---|---|
| 003 | NUST - PNEC | ||
| 005 | 20170116180805.0 | ||
| 008 | 150421b xxu||||| |||| 00| 0 eng d | ||
| 020 | _a9971638010 | ||
| 040 | _cLIBRARY | ||
| 082 | _a428 TOH | ||
| 100 |
_92900 _a Toh, Weng Choy, |
||
| 245 |
_a English the basics-- : a practical handbook _c ChoyToh,Weng |
||
| 250 | _a- | ||
| 260 |
_aSingapore : _bPhyllis Chew _cc 1987. |
||
| 300 | _a307 p . : | ||
| 650 |
_92901 _aEnglish the basics-- : a practical handbook _xEnglish language--Grammar |
||
| 942 |
_2ddc _cBK |
||
| 999 |
_c63150 _d63150 |
||